000 00456nam a22001697a 4500
999 _c27460
_d27460
003 BDDh-ASL
005 20231015030753.0
008 211103n ii ||||| |||| 00| 0 u d
040 _aBDDh-ASL
_cBDDh-ASL
082 _a297.3
_bHUD
100 1 _95027
_aHussain, Syed Ali
245 1 0 _aDafi Bidat : / دافع بدعت
260 _aDelhi :
_bMohammadi Press ,
300 _a8 p. :
_c25 cm.
650 0 _95142
_a Islamic Discourse
942 _2ddc
_cBK